| 000 | 00725nam a2200229Ia 4500 | ||
|---|---|---|---|
| 003 | GCL | ||
| 008 | 140319s9999 xx 000 0 ara d | ||
| 040 |
_aGCL / _cGCL |
||
| 082 | 0 | 4 |
_a965.022 _bى ك |
| 100 | 1 | _aيحيى بوعزيز | |
| 245 | 1 | 0 |
_aكفاح الجزائر من خلال الوثائق / _cيحيى بوعزيز |
| 260 |
_a[S.N] : _bالمؤسسة الوطنية للترجمة والتحقيق ، _c1986 |
||
| 300 | _a388 ص | ||
| 490 | _a | ||
| 650 | 0 | 4 | _aالعصر الحديث |
| 650 | 0 | 4 | _aتاريخ |
| 650 | 0 | 4 | _aالجزائر |
| 650 | 0 | 4 | _aافريقيا |
| 650 | 0 | 4 | _aحركات التحرير |
| 650 | 0 | 4 | _aالاحتلال الفرنسى - الفترة الاولى |
| 942 |
_2ddc _cBK |
||
| 999 |
_c55632 _d55632 |
||